[Event "IND-ch U11"]
[Site "Odisha"]
[Date "2014.07.25"]
[Round "2"]
[White "Shelke, Sankarsha"]
[Black "Dushyant, Sharma"]
[Result "1-0"]
[WhiteElo "1857"]
[BlackElo "1464"]
[PlyCount "141"]
[EventDate "2014.07.24"]
[EventType "swiss"]
[EventRounds "11"]
[EventCountry "IND"]
[SourceTitle "CBM 161 Extra"]
[Source "ChessBase"]
[SourceDate "2014.08.29"]
[SourceVersion "1"]
[SourceVersionDate "2014.08.29"]
[SourceQuality "1"]

1. e4 c5 2. Nf3 e6 3. d4 cxd4 4. Nxd4 a6 5. Nc3 Qc7 6. Bd3 Nf6 7. 0-0 Nc6 8. Be3 Be7 9. Kh1 0-0 10. f4 d6 11. Qf3 Bd7 12. Qg3 Nh5 13. Qf2 Nf6 14. Qf3 b5 15. Rae1 b4 16. Nce2 g6 17. Nxc6 Bxc6 18. Nd4 Bb7 19. Bf2 d5 20. e5 Ne4 21. Bxe4 dxe4 22. Qh3 Rfd8 23. Rd1 Rd7 24. Rd2 Rad8 25. Rfd1 Bc5 26. c3 Qb6 27. Bh4 Rc8 28. Bf6 h5 29. Qe3 bxc3 30. bxc3 Qa5 31. f5 Kh7 32. fxg6+ fxg6 33. Nb3 Rxd2 34. Qxd2 Qb5 35. Qd7+ Qxd7 36. Rxd7+ Kg8 37. Nxc5 Rxc5 38. Rxb7 Rxc3 39. Rb1 e3 40. Re1 e2 41. Kg1 Rc2 42. a3 Ra2 43. Be7 Kf7 44. Bd6 Rc2 45. Kf2 g5 46. Rxe2 Rxe2+ 47. Kxe2 Kg6 48. Kf3 Kf5 49. h3 g4+ 50. hxg4+ hxg4+ 51. Kg3 Kg5 52. Be7+ Kf5 53. Bf6 a5 54. a4 Ke4 55. Kxg4 Kd4 56. Kf4 Kc4 57. g4 Kb4 58. g5 Kxa4 59. Bd8 Kb4 60. Bxa5+ Kxa5 61. g6 Kb5 62. g7 Kc5 63. g8Q Kd5 64. Qd8+ Kc6 65. Qd6+ Kb7 66. Qxe6 Kc7 67. Qd6+ Kb7 68. e6 Ka7 69. e7 Kb7 70. e8Q Ka7 71. Qeb8# 1-0